Discursos políticos

Salvato in:
Dettagli Bibliografici
Autore principale: Temistio (Autore)
Natura: Libro
Lingua:spagnolo
Pubblicazione: Madrid Gredos 2000
Serie:Biblioteca Clásica Gredos, 273
Soggetti:
Tags: Aggiungi Tag
Nessun Tag, puoi essere il primo ad aggiungerne!!

MARC

LEADER 00000nam a2200000 a 4500
001 UCJ0036
003 CL-VaPUC
008 060623e20000000SP |||||||||||||||||spa|d
020 |a 8424922573 
082 0 4 |a 885  |b TEM  |2 21 
100 0 |a Temistio  |e author  |9 500069 
245 1 0 |a Discursos políticos 
300 |a 567 p 
942 |c BK 
945 |d 20060623 00:00:00  |a jtorresc 
260 |a Madrid  |b Gredos  |c 2000 
650 0 |a Oratoria griega  |9 265027 
583 |a last modification  |c 20130305 12:43:10  |k Rodrigo Vera 
490 0 |a Biblioteca Clásica Gredos, 273 
999 |c 317027  |d 317025 
952 |0 0  |1 0  |4 0  |6 885_000000000000000_TEM_2000  |7 0  |8 X  |9 392697  |a BIBHIS  |b BIBHIS  |d 2019-11-22  |i 4234987  |o 885 TEM 2000  |p 4234987  |r 2024-01-30  |w 2019-11-22  |y BK_X  |k HIS